000 00765nam a2200241Ia 4500
003 OSt
005 20220930073728.0
006 a|||||r|||| 00| 0
007 ta
008 220926b |||||||| |||| 00| 0 eng d
024 _a45659
037 _cTheses
040 _aCRL
_cCRL
_beng
041 _2eng
_aeng
100 _aYudhvir Singh
_9532063
110 _aUniversity of Delhi. Faculty of Medical Sciences. Department of Medicine
245 0 _aStudy of the oxidative stress and antioxidant enzymes in acute coronary syndromes. (Supervisor
_b Dr. R. Avasthi)
260 _c2000
650 _aMEDICINE
700 _aUniversity of Delhi. Faculty of Medical Sciences. Department of Medicine
942 _cDIS
_2CC
999 _c865413
_d865413